Estatísticas para Quiz de Angola

Clique aqui para jogar o quiz

Estatísticas Gerais

  • Esse quiz foi jogado 1 087 vezes
  • A pontuação média é 9 de 18

Estatísticas das Respostas

DicaResposta% Correto
Língua oficialPortuguês
98%
Capital de AngolaLuanda
91%
País que faz fronteira com Angola cujo nome começa com ZZâmbia
90%
Do final dos anos 1500 a 1820, muitos escravos foram capturados em Angola.
Para qual país eles foram enviados com mais frequência?
Brasil
79%
País que faz fronteira com Angola ao sulNamíbia
78%
Ideologia de Angola, 1975-1992{Comun}ismo
59%
Isto representa 97% das exportações angolanasÓleo
53%
Moeda de Angola (também o nome de um rio angolano)Kwanza
48%
Angola é o quarto maior produtor deste mineral, atrás apenas de
Rússia, Botswana e Canadá
Diamantes
45%
Esporte mais popularBasquetebol
43%
País que recebe cerca de dois terços das exportações de AngolaChina
41%
Dois rios mais longos tocando a AngolaRio Congo
35%
Todos os presidentes angolanos (1979-2017)José Eduardo
dos Santos
25%
Exclave que representa mais da metade da produção do acimaCabinda
21%
Todos os presidentes angolanos (1975-1979)Agostinho Neto
20%
Todos os presidentes angolanos (2017-)João Lourenço
19%
Dois rios mais longos tocando a AngolaRio Zambeze
17%
Grupo de pessoas que deslocaram as populações Sãs e Cóis originais
no primeiro milênio a.C.
Bantu
11%

Distribuição das Pontuações

Percentil de Números Respondidos

Porcentagem de Pessoas com Cada Pontuação

Sua Pontuação Histórica

Você não jogou esse quiz